|
|
|
|
| LEADER |
00000cam a22000004a 4500 |
| 001 |
musev2_45802 |
| 003 |
MdBmJHUP |
| 005 |
20230905044805.0 |
| 006 |
m o d |
| 007 |
cr||||||||nn|n |
| 008 |
160517s2016 alu o 00 0 eng d |
| 020 |
|
|
|a 9780817390716
|
| 020 |
|
|
|z 9780817358730
|
| 035 |
|
|
|a (OCoLC)949885926
|
| 040 |
|
|
|a MdBmJHUP
|c MdBmJHUP
|
| 041 |
1 |
|
|a eng
|a spa
|h spa
|
| 100 |
1 |
|
|a Escobar Varela, Angel,
|d 1957-1997,
|e author.
|
| 245 |
1 |
0 |
|a Breach of Trust/Abuso de confianza /
|c Angel Escobar ; translated by Kristin Dykstra.
|
| 264 |
|
1 |
|a Tuscaloosa :
|b The University of Alabama Press,
|c 2016.
|
| 264 |
|
3 |
|a Baltimore, Md. :
|b Project MUSE,
|c 2016
|
| 264 |
|
4 |
|c ©2016.
|
| 300 |
|
|
|a 1 online resource (135 pages).
|
| 336 |
|
|
|a text
|b txt
|2 rdacontent
|
| 337 |
|
|
|a computer
|b c
|2 rdamedia
|
| 338 |
|
|
|a online resource
|b cr
|2 rdacarrier
|
| 546 |
|
|
|a In English and Spanish.
|
| 588 |
|
|
|a Description based on print version record.
|
| 650 |
|
7 |
|a Cuban poetry.
|2 fast
|0 (OCoLC)fst00884822
|
| 650 |
|
7 |
|a POETRY
|x American
|x Hispanic American.
|2 bisacsh
|
| 650 |
|
6 |
|a Poesie cubaine.
|
| 650 |
|
0 |
|a Cuban poetry.
|
| 655 |
|
7 |
|a Electronic books.
|2 local
|
| 700 |
1 |
2 |
|a Escobar Varela, Angel,
|d 1957-1997.
|t Poems.
|k Selections.
|
| 700 |
1 |
2 |
|a Escobar Varela, Angel,
|d 1957-1997.
|t Poems.
|k Selections.
|l English.
|
| 700 |
1 |
|
|a Dykstra, Kristin,
|e translator.
|
| 710 |
2 |
|
|a Project Muse.
|e distributor
|
| 830 |
|
0 |
|a Book collections on Project MUSE.
|
| 856 |
4 |
0 |
|z Texto completo
|u https://projectmuse.uam.elogim.com/book/45802/
|
| 945 |
|
|
|a Project MUSE - Custom Collection
|
| 945 |
|
|
|a Project MUSE - 2016 Complete
|
| 945 |
|
|
|a Project MUSE - 2016 Poetry, Fiction and Creative Non-Fiction
|